00988pam a2200277 a 4500001000800000005001700008008004100025020002000066020002000086040001800106082002100124100002400145245010000169260005400269300001900323490005300342650001800395650001300413650002200426650001800448856006600466856006600532942000600598952009300604999001300697344932520240206054948.0920501s1992 cau b 001 0 eng  a0803942869 (cl) a0803942877 (pb) aDLCcDLCdDLC00a306.85220bSHI.1 aZimmerman, Shirley.10aFamily policies and family well-being :bthe role of political culture /cShirley L. Zimmerman. aNewbury Park, Calif. :bSage Publications,c1992. axiii, 201 p. ;1 aSage sourcebooks for the human services series ; 0aFamily policy 0aFamilies 0aPolitical culture 0aFamily policy42uhttp://www.loc.gov/catdir/enhancements/fy0655/92014956-d.html41uhttp://www.loc.gov/catdir/enhancements/fy0655/92014956-t.html cL 001040708LaWERCLbWERCLd2024-02-06l0o306.85 SHI.p3400r2024-02-06w2024-02-06yL c314d314